[Event "Vaujany op 1st"]
[Site "Vaujany"]
[Date "2010.07.18"]
[Round "9"]
[White "Gresh, Nohad"]
[Black "Lopez, Gerard"]
[Result "0-1"]
[WhiteElo "1958"]
[BlackElo "1925"]
[PlyCount "72"]
[EventDate "2010.07.10"]
[EventType "swiss"]
[EventRounds "9"]
[EventCountry "FRA"]
[SourceTitle "CBM 137 Extra"]
[Source "ChessBase"]
[SourceDate "2010.09.01"]
[SourceVersion "1"]
[SourceVersionDate "2010.09.01"]
[SourceQuality "1"]

1. d4 f5 2. g3 Nf6 3. Bg2 g6 4. c4 Bg7 5. Nc3 0-0 6. e4 fxe4 7. Nxe4 Nxe4 8. Bxe4 c6 9. Ne2 d6 10. 0-0 Bh3 11. Re1 e5 12. Be3 Qe7 13. d5 c5 14. Qd2 Nd7 15. Nc3 Nf6 16. Bg5 Qd7 17. Bh6 Ng4 18. Be3 a6 19. a4 Rf7 20. f3 Nxe3 21. Qxe3 Bf5 22. b3 Raf8 23. Rf1 Qe7 24. Ra2 h5 25. h4 Kh7 26. Rh2 Bh6 27. Qd3 Kg7 28. Rff2 Rf6 29. Rhg2 Qf7 30. Nd1 Qc7 31. Ne3 Qa5 32. Kh2 Bxe4 33. Qxe4 Qc3 34. Nd1 Qxb3 35. Rb2 Qxd1 36. Rxb7+ R8f7 0-1

[Event "FRA-chT2 East 0607"]
[Site "France"]
[Date "2007.03.18"]
[Round "9.4"]
[White "Lopez, Gerard"]
[Black "Ziegler, Yvan"]
[Result "1-0"]
[WhiteElo "1990"]
[BlackElo "2002"]
[PlyCount "89"]
[EventDate "2006.10.15"]
[EventType "team-tourn"]
[EventRounds "11"]
[EventCountry "FRA"]
[SourceTitle "EXT 2008"]
[Source "ChessBase"]
[SourceDate "2007.11.25"]
[SourceVersion "1"]
[SourceVersionDate "2007.11.25"]
[SourceQuality "1"]
[WhiteTeam "Cluses Saint Jeoire"]
[BlackTeam "Selestat"]
[WhiteTeamCountry "FRA"]
[BlackTeamCountry "FRA"]

1. e4 e5 2. Nf3 Nc6 3. Bc4 Nf6 4. d4 exd4 5. Ng5 Ne5 6. Qxd4 Nxc4 7. Qxc4 d5 8. exd5 Qxd5 9. Qe2+ Be7 10. 0-0 h6 11. Nc3 Qc6 12. Re1 0-0 13. Qxe7 hxg5 14. Bxg5 Re8 15. Qb4 Bf5 16. Bxf6 gxf6 17. Qb5 Qxb5 18. Nxb5 Rxe1+ 19. Rxe1 Rd8 20. Nxc7 Rd2 21. Nb5 a6 22. Na3 b5 23. Rc1 Be6 24. b3 b4 25. Nb1 Rd5 26. a3 a5 27. Kf1 Rc5 28. axb4 axb4 29. Nd2 Bf5 30. Nc4 Be6 31. Ne3 Bxb3 32. Rb1 Bxc2 33. Rxb4 Bd3+ 34. Ke1 Re5 35. Kd2 Bg6 36. f4 Re4 37. Rb8+ Kg7 38. f5 Bh5 39. h3 Rd4+ 40. Kc3 Ra4 41. Kd3 Rf4 42. Rb2 Rh4 43. Rb1 Rf4 44. g4 Rf3 45. Rh1 1-0

[Event "FRA-chT2 East 0607"]
[Site "France"]
[Date "2007.02.11"]
[Round "7.4"]
[White "Girardon, Jerome"]
[Black "Lopez, Gerard"]
[Result "1-0"]
[WhiteElo "2136"]
[BlackElo "1990"]
[PlyCount "41"]
[EventDate "2006.10.15"]
[EventType "team-tourn"]
[EventRounds "11"]
[EventCountry "FRA"]
[SourceTitle "EXT 2008"]
[Source "ChessBase"]
[SourceDate "2007.11.25"]
[SourceVersion "1"]
[SourceVersionDate "2007.11.25"]
[SourceQuality "1"]
[WhiteTeam "Gueugnon"]
[BlackTeam "Cluses Saint Jeoire"]
[WhiteTeamCountry "FRA"]
[BlackTeamCountry "FRA"]

1. e4 c5 2. Nf3 Nc6 3. Nc3 d6 4. Bc4 g6 5. h4 Nf6 6. h5 Nxh5 7. Rxh5 gxh5 8. Ng5 e6 9. d4 Qf6 10. e5 dxe5 11. Nce4 Qg6 12. Bd3 f5 13. Be2 fxe4 14. Bxh5 exd4 15. Nxh7 Ne5 16. Bxg6+ Nxg6 17. Qh5 Kf7 18. Bf4 Bg7 19. Ng5+ Kf6 20. Nxe4+ Kf7 21. Nd6+ 1-0